| Tag |
First Indicator |
Second Indicator |
Subfields |
| LEADER |
00000pam a22000004a 4500 |
| 001 |
in00001578708 |
| 005 |
20151022105449.0 |
| 008 |
000330s2000 wiua b s001 0 eng |
| 010 |
|
|
|a 00008913
|
| 020 |
|
|
|a 0299168808 (cloth : alk. paper)
|
| 020 |
|
|
|a 0299168840 (paper : alk. paper)
|
| 035 |
|
|
|a (OCoLC)ocm43884549
|
| 040 |
|
|
|a DLC
|c DLC
|d TXA
|d UtOrBLW
|
| 042 |
|
|
|a pcc
|
| 043 |
|
|
|a e-fr---
|
| 049 |
|
|
|a TXAM
|
| 050 |
0 |
0 |
|a GT3041.F8
|b D38 2000
|
| 082 |
0 |
0 |
|a 394
|2 21
|
| 100 |
1 |
|
|a Davis, Natalie Zemon,
|d 1928-
|
| 245 |
1 |
4 |
|a The gift in sixteenth-century France /
|c Natalie Zemon Davis.
|
| 264 |
|
1 |
|a Madison :
|b University of Wisconsin Press,
|c [2000]
|
| 264 |
|
4 |
|c ©2000
|
| 300 |
|
|
|a x, 185 pages :
|b illustrations ;
|c 23 cm.
|
| 336 |
|
|
|a text
|b txt
|2 rdacontent
|
| 337 |
|
|
|a unmediated
|b n
|2 rdamedia
|
| 338 |
|
|
|a volume
|b nc
|2 rdacarrier
|
| 490 |
1 |
|
|a Curti lectures
|
| 504 |
|
|
|a Includes bibliographical references and index.
|
| 505 |
0 |
|
|a The spirit of gifts -- Gift practices and public times -- Gift practices and social meanings -- Gifts and sales -- Gifts gone wrong -- Gifts, bribes, and kings -- Gifts and the gods.
|
| 650 |
|
0 |
|a Gifts
|z France
|x History
|y 16th century.
|
| 650 |
|
0 |
|a Ceremonial exchange
|z France
|x History
|y 16th century.
|
| 650 |
|
0 |
|a Renaissance
|z France.
|
| 651 |
|
0 |
|a France
|x History
|y 16th century.
|
| 651 |
|
0 |
|a France
|x Social life and customs
|y 16th century.
|
| 830 |
|
0 |
|a Curti lectures.
|
| 948 |
|
|
|a cataloged
|b h
|c 2001/1/2
|d c
|e mphillip
|f 1:20:56 pm
|
| 994 |
|
|
|a E0
|b TXA
|
| 999 |
|
|
|a MARS
|
| 999 |
f |
f |
|s fd185bba-61d0-355f-bd7e-1167f90a247c
|i 0b7952ec-4c49-3673-9262-86f2c0f2fa84
|t 0
|
| 952 |
f |
f |
|p normal
|a Texas A&M University
|b College Station
|c Sterling C. Evans Library
|d Evans: Library Stacks
|t 0
|e GT3041.F8 D38 2000
|h Library of Congress classification
|i unmediated -- volume
|m A14827057944
|
| 998 |
f |
f |
|a GT3041.F8 D38 2000
|t 0
|l Evans: Library Stacks
|